[Event "GER North-chT U16"]
[Site "Magdeburg"]
[Date "2006.08.28"]
[Round "5.1"]
[White "Von Karger, Viktor"]
[Black "Wenzel, Felix"]
[Result "0-1"]
[WhiteElo "1221"]
[BlackElo "1495"]
[PlyCount "70"]
[EventDate "2006.08.26"]
[EventType "team-tourn"]
[EventRounds "7"]
[EventCountry "GER"]
[SourceTitle "EXT 2007"]
[Source "ChessBase"]
[SourceDate "2006.11.23"]
[SourceVersion "1"]
[SourceVersionDate "2006.11.23"]
[SourceQuality "1"]

1. d4 d5 2. c4 Nc6 3. Nf3 Nf6 4. Nc3 Bg4 5. e3 e6 6. Be2 Bb4 7. Bd2 Qe7 8. cxd5 exd5 9. Qb3 0-0-0 10. 0-0 g5 11. Qd1 Bxf3 12. Bxf3 g4 13. Bxg4+ Nxg4 14. Qxg4+ Kb8 15. a3 Bxc3 16. Bxc3 Rdg8 17. Qf3 Qg5 18. g3 h5 19. Qxf7 h4 20. Qf3 Rf8 21. Qg2 Rhg8 22. b4 Rg7 23. Rad1 Rh8 24. Bd2 Qh5 25. Ra1 Ne7 26. Rfb1 hxg3 27. fxg3 Nf5 28. Rb3 Nh4 29. Qh1 Nf3+ 30. Kf2 Nxd2 31. Rb2 Ne4+ 32. Ke1 Nxg3 33. Qg2 Nf5 34. Qxd5 Rg1+ 35. Kf2 Rxa1 0-1